000 00491nam a2200181Ia 4500
008 090124s9999 xx 000 0 und d
082 _b46881
100 _aजोशी शशिकांत
245 _a प्राउातन
250 _a1
260 _c2007
300 _a139
600 _aजोशी शशिकांत
630 _a प्राउातन
700 _aजोशी शशिकांत
730 _a प्राउातन
942 _cBOOK
999 _c113105
_d113105